Mathematical programming : theory and algorithms
Αποθηκεύτηκε σε:
| Κύριος συγγραφέας: | |
|---|---|
| Μορφή: | Βιβλίο |
| Γλώσσα: | English French |
| Δημοσίευση: |
Chichester [W. Sussex] ; New York :
Wiley,
c1986
|
| Σειρά: | Wiley series in discrete mathematics and optimization
|
| Θέματα: | |
| Ετικέτες: |
Προσθήκη ετικέτας
Δεν υπάρχουν, Καταχωρήστε ετικέτα πρώτοι!
|
MARC
| LEADER | 00000cam a2200000 i 4500 | ||
|---|---|---|---|
| 001 | 1/35640 | ||
| 008 | 941103s1986 eng d | ||
| 020 | |a 0471901709 |c $56.87 (U.S.) | ||
| 035 | |l 10040025 | ||
| 035 | |a 1987 | ||
| 040 | |a GR-MY-UA |b gre |e aacr | ||
| 041 | 0 | |a eng |h fre | |
| 082 | 0 | |a 519.7 | |
| 100 | 1 | |a Minoux, Michel. | |
| 245 | 1 | 0 | |a Mathematical programming : |b theory and algorithms / |c M. Minoux ; translated by Steven Vajda |
| 260 | |a Chichester [W. Sussex] ; New York : |b Wiley, |c c1986 | ||
| 300 | |a xxviii, 489 p.; |b ill.; |c 25 cm. | ||
| 490 | 1 | |a Wiley-Interscience series in discrete mathematics and optimization | |
| 500 | |a Translation of: Programmation mathematique | ||
| 500 | |a "A Wiley-Interscience publication." | ||
| 504 | |a Includes bibliographies and index | ||
| 650 | 0 | 0 | |a Programming (Mathematics) |
| 650 | 0 | 0 | |a Algorithms. |
| 830 | 0 | |a Wiley series in discrete mathematics and optimization | |
| 852 | |a INST |b SAMOS |e 19941103 |h 519.7 MIN |p 005300001139 |q 005300001139 |t BK |y 0 | ||
| 909 | |a Σ |b 008324 | ||